Cristo indocumentado : narrativa teológica del fenómeno migratorio /

Estudio que plantea una relectura teológica de la realidad migratoria que viven mujeres y hombres que han dejado su tierra de origen en busca de mejores condiciones de vida. El estudio tiene como referencia la experiencia religiosa iniciada en 2007, cuando el autor es invitado a colaborar con migran...

Ausführliche Beschreibung

Gespeichert in:
Bibliographische Detailangaben
1. Verfasser: Ortiz Cotte, Jesús Alejandro (autor)
Format: Buch
Sprache:Spanisch
Veröffentlicht: Guadalajara, México : México : ITESO ; Universidad Iberoamericana, 2015, c2015
Schriftenreihe:(Cuadernos de Fe y Cultura ; Realidad Social, Política, Económica y Cultural) 32.
Schlagworte:
Tags: Tag hinzufügen
Keine Tags, Fügen Sie das erste Tag hinzu!

MARC

LEADER 00000nam^a2200000^a^4500
001 000581358
005 20250526000000.0
009 20260310132608.816
020 |a 978-607-9361-73-0 
020 |a 978-968-9524-11-3 
037 |a Acervo ITESO - Biblioteca 
041 |a ESP 
082 |a 261. 57  |b CUA V. 32 
100 |a Ortiz Cotte, Jesús Alejandro  |e (autor) 
245 1 0 |a Cristo indocumentado :  |b narrativa teológica del fenómeno migratorio /  |c J.A. Ortiz Cotte. 
264 4 |a Guadalajara, México :  |b ITESO ;  |a México :  |b Universidad Iberoamericana,  |c 2015, c2015 
300 |a 44 p. ;  |c 21.0 cm. 
336 |a texto  |b txt  |2 rdacontenido 
337 |a sin mediación  |b n  |2 rdamedio 
338 |a volumen  |b nc  |2 rdasoporte 
440 1 |a (Cuadernos de Fe y Cultura ;  |v 32.  |p Realidad Social, Política, Económica y Cultural) 
520 |a Estudio que plantea una relectura teológica de la realidad migratoria que viven mujeres y hombres que han dejado su tierra de origen en busca de mejores condiciones de vida. El estudio tiene como referencia la experiencia religiosa iniciada en 2007, cuando el autor es invitado a colaborar con migrantes latinos y su sensibilidad le lleva a descubrir a Dios en la vida de ellos. 
649 |a XX 
650 |a Migrantes -  |x Condiciones Sociales y Culturales 
650 |a Iglesia y Problemas Sociales 
650 |a Migración -  |x Tema Principal 
650 |a Eucaristía 
650 |a Salvación 
650 |a Teología Social 
650 |a Cristianismo 
650 |a Religión 
910 |a Fondo General 
920 |a Impresos - Libros 
930 |a Libros Antiguos y Raros 
905 |a 108 
901 |a 0500265569  |b IT2  |c LRA  |i D76100  |u 20250526 
902 |a https://opac.biblio.iteso.mx/vufind/Record/000581358